00745nam a2200181 a 450000100100000000500170001000800410002704000250006808200160009310000360010924500770014526000360022230000280025859000260028695201140031295201200042699900170054600004658920201002053001.0150908s1990 dr a 000 0 spa d aDO-SdBNPbspacBNPHU axxxxbR173L1 aRamírez de Tena, Ligia97456913aEl lenguaje al servicio de la comunicación /cLigia Ramírez de Tena. aSanto Domingo :bDisesa,c1990. a168 p. :bil. ;c28 cm. aInventariado, 2018/LP 0010718PDaPDbPDcHDd2015-09-08iLF1l0oxxxx R173Lp46589-10r2020-06-25w2020-06-25yLFPDZNo se presta 0011718PDaPDbPDcMId2015-09-08iLF1l0oxxxx R173Lp46589-20r2020-06-25te. 2w2020-06-25yLFPDZNo se presta c46078d46078